000 00733nam a22001457a 4500
020 _a978-0-439-42080-8
082 _a823
_bABB/C
100 _aABBOTT, TONY
245 _aTHE SECRETS OF DROON
_bTHE COILED VIPER
260 _aNEW YORK
_bSCHOLASTIC
_c2012
300 _a117
520 _aLord Sparr is back... and meaner than ever! This time, he is in search of the Coiled Viper, an ancient magical object of unknown, incredible power. Princess Keeah and her Upper World friends - Eric, Neal, and Julie - know they have to stop Sparr from uncovering the Viper. But there's one little catch. The Viper can't be found in Droon... because it's hidden somewhere in the Upper World!
650 _aADVENTURE STORY
_zUNITED STATES
942 _cBK
999 _c6105
_d6105